|
|
|
|
| LEADER |
00000nam a2200000 a 4500 |
| 001 |
vtls008600573 |
| 003 |
SK-MaSNL |
| 005 |
20260301021503.0 |
| 008 |
240318s1958 xo gr 000 m slo |
| 035 |
|
|
|a SAVUKc194139
|
| 040 |
|
|
|a SNK
|b slo
|c SNK
|e AACR2
|
| 041 |
1 |
|
|a slo
|
| 044 |
|
|
|a xo
|c SK
|
| 080 |
|
|
|a 629.783(47+57)
|2 2001
|
| 100 |
1 |
|
|a Bochníček, Záviš,
|d 1920-2002
|4 aut
|9 122878
|
| 245 |
1 |
0 |
|a Hviezdy mieru a šťastia
|c Záviš Bochníček
|
| 250 |
|
|
|a 1. vyd.
|
| 260 |
|
|
|a Bratislava
|b Slovenské vydavateľstvo politickej literatúry
|c 1958
|
| 300 |
|
|
|a 125 s.,[8] s , obr. príl.
|b obr., tab. grafy
|
| 650 |
0 |
7 |
|a umelé družice
|2 SNKPH
|9 51067
|
| 651 |
|
7 |
|a Sovietsky zväz
|2 SNKPHgeo
|9 22126
|
| 852 |
|
|
|a Štátna vedecká knižnica v Banskej Bystrici
|
| 958 |
|
|
|a OND
|
| 999 |
|
|
|c 565427
|d 567357
|
| 952 |
|
|
|a SNK
|b SNK
|y PREZ
|7 0
|p 17A0565235
|o snkSD 15076
|i snkKSP 1107/58
|0 0
|1 0
|4 0
|d 2007-10-16
|l 0
|r 2025-11-28 00:00:00
|w 2026-02-23
|